| 000 | 00837nam a2200229 4500 | ||
|---|---|---|---|
| 003 | CO-ViMGA | ||
| 020 | _a9789583053139 | ||
| 040 |
_aCO-ViMGA _bspa _cCO-ViMGA |
||
| 090 | _aC MES3 | ||
| 100 | 1 |
_aMeschenmonser, Sebastian _913101 |
|
| 245 | 1 | 0 |
_aCaperucita Roja no tiene ganas / _cSebastian Meschenmonser ; traducción de Andrea Garcés |
| 260 |
_aBogotá : _bPanamericana, 2018 |
||
| 300 |
_a29 páginas : _bIl. ; 22 cm. |
||
| 490 | _aPlan Nacional de Lectura y Escritura Leer es mi Cuento / Ministerio de Cultura | ||
| 500 | _aRecomendado para un público infantil mayor de 6 años | ||
| 650 | 1 | 4 |
_aCuentos infantiles alemanes _994 |
| 650 | 1 | 4 |
_aLiteratura infantil alemana _97954 |
| 650 | 1 | 4 |
_aLobos _xCuentos infantiles _913102 |
| 650 | 1 | 4 |
_aNiñas _xCuentos infantiles _913103 |
| 700 | 1 |
_aGarcés, Andrea _913104 |
|
| 942 |
_2ddc _cBK |
||
| 999 |
_c8691 _d8691 |
||